000 00856nam a2200217 a 4500
001 47944
003 BD-RjUL
005 20211209054428.0
008 160811s1975 ii a|||| |||| 00| 0 ben d
035 _a(BD-RjUL)48063
040 _aBD-RjUL
_bben
_cBD-RjUL
041 _aben
082 _223
_aB 539
_bBAP 1975
100 _aবন্দ্যোপাধ্যায়, দেবাদাস
_9145487
245 _aপরমানু ও কেন্দ্রীন = Atomic and nuclear physics /
_cদেবাদাস বন্দ্যোপাধ্যায়
260 _aকলকাতা :
_bপশ্চিমবঙ্গ রাজ্য পুস্তক,
_c১৯৭৫.
300 _a৪৮৬ পৃ. :
_bচিত্র ;
_c২১ সেমি.
650 _aপদার্থ
_9145488
650 _aPhysics
_9145489
942 _2ddc
_cBK
999 _c47944
_d47944